000 00923cab a2200277 4500
001 WB2831-14
008 090401t1992 xxu||||| |||| 00| 0 eng d
035 _a(Sirsi) u72973
041 _aeng
245 _aShopping centre performance
260 _c1992
350 _a0
490 _aEstates Gazette
_v(9230) 1 August 1992, 18(1)
520 _aDonaldsons and Investment Property Databank has produced a shopping centre index, which shows that this sector has outperformed other sectors over the last ten years.
650 _aCAPITAL VALUES
650 _aINVESTMENT PERFORMANCE
650 _aRENTAL GROWTH
650 _aRETAIL PROPERTY
650 _aRETAIL WAREHOUSES
650 _aSHOPPING CENTRE INDEX
650 _aSHOPPING CENTRES
690 _aPROPERTY-COMMERCIAL PROPERTY-COMMERCIAL PROPERTY MARKET
690 _aPROPERTY-COMMERCIAL PROPERTY-RETAIL PROPERTY
942 _n0
948 _c04/03/1997
999 _c46133
_d46133